| Tag |
First Indicator |
Second Indicator |
Subfields |
| LEADER |
00000cam a2200000 i 4500 |
| 001 |
in00000015382 |
| 005 |
20151007053040.0 |
| 008 |
770711r19721972nyua 00010 eng d |
| 035 |
|
|
|a (OCoLC)03105230
|
| 035 |
|
|
|9 AAB0199AM
|
| 040 |
|
|
|a KKU
|c KKU
|d TXA
|d UtOrBLW
|
| 049 |
|
|
|a TXAM
|c [A11050269]
|
| 050 |
|
4 |
|a HX546
|b .W37 1972
|
| 100 |
1 |
|
|a Waters, Mary-Alice.
|
| 245 |
1 |
0 |
|a Feminism and the Marxist movement /
|c by Mary-Alice Waters.
|
| 264 |
|
1 |
|a New York :
|b Pathfinder Press,
|c [1972]
|
| 264 |
|
4 |
|c ©1972
|
| 300 |
|
|
|a 43 pages :
|b illustrations ;
|c 19 cm.
|
| 336 |
|
|
|a text
|b txt
|2 rdacontent
|
| 337 |
|
|
|a unmediated
|b n
|2 rdamedia
|
| 338 |
|
|
|a volume
|b nc
|2 rdacarrier
|
| 500 |
|
|
|a Reprint of an article published in the International Socialist Review, October 1972.
|
| 500 |
|
|
|a Caption title.
|
| 650 |
|
0 |
|a Women and socialism.
|
| 650 |
|
0 |
|a Women's rights.
|
| 999 |
|
|
|a MARS
|
| 999 |
f |
f |
|s 5b944759-ba94-381b-aed5-f3cdabc946b9
|i 26950ad8-d836-3813-b5dc-0ab8b186e3ce
|t 0
|
| 952 |
f |
f |
|p ric
|a Texas A&M University
|b Rellis Campus
|c Joint Library Facility
|d Remote Storage
|t 0
|e HX546 .W37 1972
|h Library of Congress classification
|i unmediated -- volume
|m A14811050269
|
| 998 |
f |
f |
|a HX546 .W37 1972
|t 0
|l Remote Storage
|